00589nam a2200181Ia 4500003000500000008004100005020001600046040001900062082000700081100002300088245004200111260009200153300000800245546001200253942001200265999001700277952011300294STCL181203s9999 xx 000 0 und d a81875900608 aSTCLbENcSTCL 222 aNamboodiri, E.V.N. 2aA Brief History of Malayalam Language bInternational Centre for Kerala Studies, University of KeralaaThiruvananthapuramc2004 a202 aEnglish 2ddccBK c84806d84806 00102ddc4070aSTCALbSTCALcGENd2018-12-03l0o494.812 NAM-Bp93315r2018-12-03 00:00:00w2018-12-03yBK